ბათუმის შოთა რუსთაველის სახელმწიფო უნივერსიტეტის ბიბლიოთეკა

Строительно-монтажные работы. (ბიბ.ჩანაწერი № 37378)

000 -LEADER
fixed length control field 00614nam a2200217Ia 4500
001 - CONTROL NUMBER
control field 3337
003 - CONTROL NUMBER IDENTIFIER
control field GE_BSU
008 - FIXED-LENGTH DATA ELEMENTS--GENERAL INFORMATION
fixed length control field 181216s||||||||xx |||||||||||||| ||und||
040 ## - CATALOGING SOURCE
Transcribing agency GE_BSU
080 ## - UNIVERSAL DECIMAL CLASSIFICATION NUMBER
Universal Decimal Classification number 693(075)
100 ## - MAIN ENTRY--PERSONAL NAME
Personal name Неелов,В.Л.
245 ## - TITLE STATEMENT
Title Строительно-монтажные работы.
245 ## - TITLE STATEMENT
Remainder of title Учебное пособие.
245 ## - TITLE STATEMENT
Statement of responsibility, etc. Ред. Э.С. Сухарева
260 ## - PUBLICATION, DISTRIBUTION, ETC.
Place of publication, distribution, etc. М.
260 ## - PUBLICATION, DISTRIBUTION, ETC.
Name of publisher, distributor, etc. Стройиздат.
260 ## - PUBLICATION, DISTRIBUTION, ETC.
Date of publication, distribution, etc. 1977.
300 ## - PHYSICAL DESCRIPTION
Extent 224 стр. с илл. 20 см.
653 ## - INDEX TERM--UNCONTROLLED
Uncontrolled term Строительно-монтажные работы.
942 ## - ADDED ENTRY ELEMENTS (KOHA)
Koha item type წიგნი
ეგზემპლარები
Withdrawn status Lost status Damaged status Not for loan Date acquired Barcode Date last seen Price effective from Koha item type
        2018-12-17 10048 2018-12-17 2018-12-17 წიგნი